Causa y sentimiento / (Registro nro. 13377)

Detalles MARC
000 -LIDER
fixed length control field 00722nam a22002297a 4500
003 - IDENTIFICACDOR DE NÚMERO DE CONTROL
control field DO-SdBNP
005 - DATE AND TIME OF LATEST TRANSACTION
control field 20210601103053.0
008 - ELEMENTOS DE LONGITUD FIJA
fixed length control field 210218b2018 dr |00| 0 spa d
020 ## - ISBN
International Standard Book Number 9789945802160
040 ## - FUENTE DE CATALOGACIÓN
Agencia que crea de manera original el registro BPMSU
Idioma de catalogación spa
Agencia que realiza la transcripción BPMSU
082 ## - NÚMERO DE CLASIFICACIÓN DECIMAL DE DEWEY
Classification number RD861.44
Item number C118c 2018
Edition number 22
100 ## - ASIENTO PRINCIPAL -- NOMBRE PERSONAL
Nombre personal Cáceres Reynoso, Ysidro
Fechas asociadas con el nombre 1956 -
245 10 - MENCIÓN DE TITULO
Título Causa y sentimiento /
Subtítulo (texto poético)
Mención de responsabilidad Ysidro Cáceres Reynoso.
260 ## - PUBLICACIÓN, DISTRIBUCIÓN, ETC. (PIE DE IMPRENTA)
Lugar de publicación, distribución, etc Santo Dominicana :
Nombre del editor, distribuidor, etc. [sin, editorial],
Fecha de publicación, distribución, etc 2018.
300 ## - DESCRIPCIÓN FÍSICA
Extensión 105 p. ;
Dimensiones 21 cm.
Otros detalles físicos
500 ## - NOTA GENERAL
Nota general Incluye datos biográficos del autor en la contracubierta
590 ## - NOTA LOCAL
Texto de la nota local Inventario 2021/ MC
650 #4 - ENCABEZAMIENTO DE MATERIA--TEMÁTICO
Término temático o nombre geográfico como elemento de entrada Poesía dominicana
650 #4 - ENCABEZAMIENTO DE MATERIA--TEMÁTICO
Término temático o nombre geográfico como elemento de entrada Literatura dominicana
910 ## - VALIDACIÓN
Validación MCabrera /VMateo
942 ## - ADDED ENTRY ELEMENTS (KOHA)
Source of classification or shelving scheme Dewey Decimal Classification
Koha item type Libros
Existencias
Withdrawn status Lost status Source of classification or shelving scheme Damaged status Not for loan Collection code Home library Current library Date acquired Source of acquisition Full call number Barcode Date last seen Price effective from Koha item type Copy number
    Dewey Decimal Classification     Colección Dominicana Biblioteca Pública Metropolitana Salomé Ureña Biblioteca Pública Metropolitana Salomé Ureña 06/01/2021 Producciones Yuna BPMSU CD RD861.44 C118c 2018 BPMSU21060003 06/01/2021 06/01/2021 Libros  
    Dewey Decimal Classification     Colección Dominicana Biblioteca Pública Metropolitana Salomé Ureña Biblioteca Pública Metropolitana Salomé Ureña 06/01/2021 Producciones Yuna BPMSU CD RD861.44 C118c 2018 BPMSU21060004 06/01/2021 06/01/2021 Libros e.2
    Dewey Decimal Classification     Colección Dominicana Biblioteca Pública Metropolitana Salomé Ureña Biblioteca Pública Metropolitana Salomé Ureña 06/01/2021 Producciones Yuna BPMSU CD RD861.44 C118c 2018 BPMSU21060005 06/01/2021 06/01/2021 Libros e.3